[Event "GER Cup Net V1 U1600"]
[Site "Playchess.com INT"]
[Date "2020.05.19"]
[Round "3"]
[White "Dorendorf, Mika"]
[Black "Schroeder, Marcel"]
[Result "1-0"]
[WhiteElo "1586"]
[BlackElo "1587"]
[PlyCount "85"]
[EventDate "2020.05.19"]
[EventType "swiss (blitz)"]
[EventRounds "9"]
[EventCountry "GER"]
[SourceTitle "EXT 2021"]
[Source "ChessBase"]
[SourceDate "2020.10.23"]
[SourceVersion "1"]
[SourceVersionDate "2020.10.23"]
[SourceQuality "1"]

1. e4 e5 2. Nf3 Nc6 3. d4 exd4 4. Bc4 Bb4+ 5. c3 dxc3 6. 0-0 cxb2 7. Bxb2 Nf6 8. Qb3 0-0 9. e5 Ne8 10. Bd5 Bc5 11. Qc3 b6 12. Rd1 Bb7 13. Nbd2 Bb4 14. Qe3 Rb8 15. Ng5 Ne7 16. Bb3 h6 17. Ngf3 Nf5 18. Qf4 Ne7 19. Qxb4 Bxf3 20. Nxf3 a5 21. Qd2 c6 22. Qxd7 Qxd7 23. Rxd7 Nf5 24. e6 fxe6 25. Bxe6+ Kh8 26. Bxf5 Rxf5 27. Rad1 Rf8 28. Rd8 Rxd8 29. Rxd8 Kg8 30. Ne5 Nf6 31. Rxf8+ Kxf8 32. Ng6+ Kf7 33. Ne5+ Ke6 34. Nxc6 Nd5 35. Bxg7 h5 36. Nd4+ Kd6 37. Bf8+ Ke5 38. Nf3+ Ke4 39. h3 Kd3 40. Kh2 Kc3 41. a3 Kb3 42. g4 hxg4 43. hxg4 1-0

[Event "GER Cup Net V1 U1600"]
[Site "Playchess.com INT"]
[Date "2020.05.19"]
[Round "2"]
[White "Schroeder, Marcel"]
[Black "Meier, Franz1111"]
[Result "1-0"]
[WhiteElo "1587"]
[BlackElo "1387"]
[PlyCount "61"]
[EventDate "2020.05.19"]
[EventType "swiss (blitz)"]
[EventRounds "9"]
[EventCountry "GER"]
[SourceTitle "EXT 2021"]
[Source "ChessBase"]
[SourceDate "2020.10.23"]
[SourceVersion "1"]
[SourceVersionDate "2020.10.23"]
[SourceQuality "1"]

1. c4 e6 2. e4 Ne7 3. d4 d5 4. Nc3 dxc4 5. Bxc4 Nbc6 6. Nf3 Ng6 7. 0-0 Bb4 8. a3 Bxc3 9. bxc3 0-0 10. Bg5 f6 11. Be3 a6 12. Rb1 b5 13. Ba2 Kh8 14. Qd2 e5 15. d5 Na5 16. Bc5 Re8 17. Bb4 Nc4 18. Bxc4 bxc4 19. Qe2 Nf4 20. Qxc4 Bb7 21. Ba5 Rc8 22. Rxb7 Qd6 23. Rxc7 Rxc7 24. Bxc7 Qxa3 25. d6 Rc8 26. d7 Qf8 27. dxc8Q Qxc8 28. Rd1 Ne2+ 29. Kf1 Ng3+ 30. hxg3 a5 31. Rd8+ 1-0

[Event "GER Cup Net V1 U1600"]
[Site "Playchess.com INT"]
[Date "2020.05.19"]
[Round "1"]
[White "Schroeder, Marcel"]
[Black "Siemianowski, Regina"]
[Result "0-1"]
[WhiteElo "1587"]
[BlackElo "1323"]
[PlyCount "90"]
[EventDate "2020.05.19"]
[EventType "swiss (blitz)"]
[EventRounds "9"]
[EventCountry "GER"]
[SourceTitle "EXT 2021"]
[Source "ChessBase"]
[SourceDate "2020.10.23"]
[SourceVersion "1"]
[SourceVersionDate "2020.10.23"]
[SourceQuality "1"]

1. c4 e5 2. Nc3 Nf6 3. g3 Bb4 4. Bg2 0-0 5. Nd5 Nxd5 6. cxd5 c6 7. dxc6 dxc6 8. a3 Ba5 9. e3 Be6 10. Ne2 Nd7 11. b4 Bb6 12. Bb2 Rb8 13. 0-0 Bc7 14. Rc1 a6 15. d3 Nf6 16. f4 exf4 17. Nxf4 Bd5 18. Nxd5 Nxd5 19. Qf3 f6 20. e4 Ne7 21. Rfd1 Bb6+ 22. Kh1 Qc7 23. d4 Rbd8 24. d5 Qb8 25. Bd4 Bxd4 26. Rxd4 cxd5 27. exd5 Ng6 28. Qb3 Kh8 29. Rcd1 Rd6 30. Qe3 Ne5 31. Kg1 Re8 32. Qf4 Qd8 33. Kf1 Ng6 34. Qf3 Re5 35. Re1 Rxe1+ 36. Kxe1 Qe7+ 37. Kf1 Ne5 38. Re4 Qc7 39. Kg1 Nxf3+ 40. Bxf3 h6 41. Kg2 Qc2+ 42. Kh3 Kh7 43. Re3 Qd2 44. Be4+ g6 45. Bd3 Qxe3 0-1

[Event "GER Cup Net V1 U1600"]
[Site "Playchess.com INT"]
[Date "2020.05.19"]
[Round "6"]
[White "Schroeder, Marcel"]
[Black "Watermann, Bernd"]
[Result "1/2-1/2"]
[WhiteElo "1587"]
[BlackElo "1498"]
[PlyCount "107"]
[EventDate "2020.05.19"]
[EventType "swiss (blitz)"]
[EventRounds "9"]
[EventCountry "GER"]
[SourceTitle "EXT 2021"]
[Source "ChessBase"]
[SourceDate "2020.10.23"]
[SourceVersion "1"]
[SourceVersionDate "2020.10.23"]
[SourceQuality "1"]

1. c4 e6 2. e4 d5 3. cxd5 exd5 4. exd5 Nf6 5. Nc3 Nxd5 6. Nf3 Nxc3 7. bxc3 Bd6 8. Bc4 Bg4 9. Qb3 0-0 10. Qxb7 Nd7 11. 0-0 Bxf3 12. Qxf3 Ne5 13. Qe2 Nxc4 14. Qxc4 Qg5 15. d3 Qh5 16. h3 Kh8 17. Qg4 Qe5 18. g3 Qxc3 19. Rb1 Qxd3 20. Bb2 Qg6 21. Qf3 Rae8 22. Kg2 Qe4 23. Qxe4 Rxe4 24. Rfe1 Rfe8 25. Kf1 Rxe1+ 26. Rxe1 Rxe1+ 27. Kxe1 Kg8 28. Kd2 g5 29. g4 h5 30. f3 Kh7 31. Kd3 Kg6 32. Ke4 hxg4 33. hxg4 a5 34. a4 f6 35. Kd5 Kf7 36. Kc6 Ke6 37. Bc3 Bb4 38. Bd4 Bd6 39. Kb5 c5 40. Bc3 f5 41. gxf5+ Kxf5 42. Bxa5 Kf4 43. Bb6 Kxf3 44. a5 Bb8 45. a6 g4 46. Bxc5 g3 47. Bd4 g2 48. a7 Bxa7 49. Bxa7 Ke2 50. Bb6 Kf1 51. Kc4 Ke2 52. Kc3 Kf1 53. Bc5 g1Q 54. Bxg1 1/2-1/2

[Event "Leiden op-A 10th"]
[Site "Leiden"]
[Date "2016.07.23"]
[Round "8"]
[White "Schroeder, Marcel"]
[Black "De Niet, Gert Michiel"]
[Result "0-1"]
[WhiteElo "1961"]
[BlackElo "2165"]
[PlyCount "84"]
[EventDate "2016.07.15"]
[EventType "swiss"]
[EventRounds "9"]
[EventCountry "NED"]
[SourceTitle "CBM 173 Extra"]
[Source "ChessBase"]
[SourceDate "2016.08.29"]
[SourceVersion "1"]
[SourceVersionDate "2016.08.29"]
[SourceQuality "1"]

1. d4 Nf6 2. c4 g6 3. Nc3 d5 4. cxd5 Nxd5 5. e4 Nxc3 6. bxc3 Bg7 7. Qa4+ Nd7 8. Nf3 0-0 9. Be2 c5 10. 0-0 Qc7 11. Be3 b6 12. Rac1 e6 13. Rfd1 a6 14. d5 b5 15. Qa3 exd5 16. exd5 Bb7 17. c4 b4 18. Qd3 Rad8 19. Qe4 Rfe8 20. Qh4 h6 21. Bd3 g5 22. Nxg5 Rxe3 23. Bh7+ Kf8 24. fxe3 hxg5 25. Qxg5 f6 26. d6 Qc6 27. Qg3 Ne5 28. Rf1 Qxd6 29. Rcd1 Qxd1 30. Rxd1 Rxd1+ 31. Kf2 Rd2+ 32. Ke1 Rxa2 33. e4 Ra3 34. Qh4 Rc3 35. Qh5 Rxc4 36. Qd1 Ke7 37. Kf2 Bh6 38. Qh5 Rc2+ 39. Kg3 Rc3+ 40. Kf2 Be3+ 41. Ke2 a5 42. Bf5 Ba6+ 0-1

[Event "Dortmund op"]
[Site "Dortmund"]
[Date "2006.03.23"]
[Round "9.30"]
[White "Schroeder, Marcel"]
[Black "Schoppe, Hans Werner"]
[Result "1-0"]
[WhiteElo "1452"]
[BlackElo "1267"]
[PlyCount "91"]
[EventDate "2006.03.06"]
[EventType "swiss"]
[EventRounds "9"]
[EventCountry "GER"]
[SourceTitle "CBM 111 Extra"]
[Source "ChessBase"]
[SourceDate "2006.05.09"]
[SourceVersion "1"]
[SourceVersionDate "2006.05.09"]
[SourceQuality "1"]

1. e4 e6 2. d4 d5 3. e5 c5 4. c3 Nc6 5. Nf3 Qb6 6. dxc5 Bxc5 7. Qc2 a5 8. a4 Bd7 9. Bf4 Qc7 10. Bd3 h6 11. Nbd2 Nge7 12. Nb3 Ba7 13. Nbd4 Nxd4 14. Nxd4 Bxd4 15. cxd4 Qb6 16. Be3 Rc8 17. Qe2 Qb4+ 18. Qd2 Nc6 19. Bb5 Qxd2+ 20. Kxd2 Nb4 21. Bxd7+ Kxd7 22. Rac1 Na2 23. Rxc8 Rxc8 24. Ra1 Nb4 25. Rc1 Rxc1 26. Kxc1 Kc6 27. Kd2 b5 28. b3 Na6 29. h4 bxa4 30. bxa4 Nb8 31. Ke2 Nd7 32. Bd2 Kb6 33. g4 Ka6 34. Bc1 Nb6 35. Ba3 Nxa4 36. Bf8 g6 37. Bxh6 Nc3+ 38. Kd3 Ne4 39. f3 Nf2+ 40. Ke2 Nh3 41. h5 Kb5 42. Be3 gxh5 43. gxh5 a4 44. Kd2 a3 45. Kc3 Ka4 46. h6 1-0

[Event "Dortmund op"]
[Site "Dortmund"]
[Date "2006.03.13"]
[Round "4.28"]
[White "Schroeder, Marcel"]
[Black "Marienfeld, Udo"]
[Result "1-0"]
[WhiteElo "1452"]
[BlackElo "1220"]
[PlyCount "69"]
[EventDate "2006.03.06"]
[EventType "swiss"]
[EventRounds "9"]
[EventCountry "GER"]
[SourceTitle "CBM 111 Extra"]
[Source "ChessBase"]
[SourceDate "2006.05.09"]
[SourceVersion "1"]
[SourceVersionDate "2006.05.09"]
[SourceQuality "1"]

1. e4 e5 2. Nf3 Nc6 3. d4 exd4 4. Nxd4 Bc5 5. Be3 Qf6 6. c3 d6 7. Bc4 Nge7 8. 0-0 Qg6 9. Nd2 Ne5 10. Qc2 Bh3 11. g3 Bxf1 12. Rxf1 Nxc4 13. Qa4+ c6 14. Qxc4 0-0 15. f4 Bxd4 16. cxd4 d5 17. Qb4 dxe4 18. Qxe7 f5 19. Qxb7 Rfb8 20. Qa6 Rxb2 21. Rc1 Rb6 22. Qc4+ Qf7 23. d5 Rb5 24. dxc6 Qxc4 25. Rxc4 Rb2 26. a3 Rc8 27. g4 g6 28. g5 Kf7 29. Kf2 Ke6 30. Ke1 a6 31. Bd4 Rb5 32. Ke2 Kd5 33. c7 Rb3 34. Rc5+ Kxd4 35. Nxb3# 1-0

[Event "CFriend AP-2005-Q-00015 email"]
[Site "Chessfriend.com"]
[Date "2005.08.01"]
[Round "1"]
[White "Quinones, Cesar"]
[Black "Schroeder, Marcel"]
[Result "1-0"]
[WhiteElo "2077"]
[BlackElo "1500"]
[PlyCount "57"]
[EventDate "2005.??.??"]
[EventType "tourn (corr)"]
[EventRounds "12"]
[SourceTitle "Corr 2024"]
[Source "ChessBase"]
[SourceDate "2023.10.19"]
[SourceVersion "1"]
[SourceVersionDate "2023.10.19"]
[SourceQuality "1"]

1. e4 e5 2. Nf3 Nc6 3. Bb5 a6 4. Ba4 d6 5. Bxc6+ bxc6 6. d4 exd4 7. Qxd4 Qf6 8. 0-0 g6 9. e5 dxe5 10. Re1 Ne7 11. Rxe5 Bg7 12. Rxe7+ Kxe7 13. Bg5 Qxg5 14. Qe4+ Kd8 15. Nxg5 Re8 16. Qd3+ Bd7 17. Nc3 Rb8 18. Rd1 Re7 19. Qxa6 Ke8 20. Qa7 Rc8 21. h4 Bxc3 22. bxc3 h6 23. Qd4 Kd8 24. Qh8+ Re8 25. Qf6+ Re7 26. Nxf7+ Ke8 27. Nxh6 Kd8 28. Qf8+ Re8 29. Nf7# 1-0